| 000 | 01162nam a2200313Ia 4500 | ||
|---|---|---|---|
| 001 | ebr10130495 | ||
| 003 | CaPaEBR | ||
| 006 | m u | ||
| 007 | cr cn||||||||| | ||
| 008 | 050816s2006 stk sb 001 0 eng d | ||
| 010 | _z 2005023913 | ||
| 020 | _z9780748626403 | ||
| 020 | _z0748620303 | ||
| 024 | 3 | _z9780748626403 | |
| 040 |
_aCaPaEBR _cCaPaEBR |
||
| 035 | _a(OCoLC)647516436 | ||
| 050 | 1 | 4 |
_aLB2376 _b.B37 2006eb |
| 100 | 1 | _aBarron, Thomas. | |
| 245 | 1 | 0 |
_aGet set for study abroad _h[electronic resource] / _cThomas Barron. |
| 260 |
_aEdinburgh : _bEdinburgh University Press, _c2006. |
||
| 300 | _avii, 188 p. | ||
| 504 | _aIncludes bibliographical references and index. | ||
| 533 |
_aElectronic reproduction. _bPalo Alto, Calif. : _cebrary, _d2009. _nAvailable via World Wide Web. _nAccess may be limited to ebrary affiliated libraries. |
||
| 650 | 0 | _aEducation, Higher. | |
| 650 | 0 |
_aForeign study _vHandbooks, manuals, etc. |
|
| 655 | 7 |
_aElectronic books. _2local |
|
| 710 | 2 | _aebrary, Inc. | |
| 856 | 4 | 0 |
_uhttp://site.ebrary.com/lib/rucke/Doc?id=10130495 _zAn electronic book accessible through the World Wide Web; click to view |
| 999 |
_c181172 _d181172 |
||